000
00400nam a2200133Ia 4500
008
100328s9999 xx 000 0 und d
082
_b
64666
100
_a
कुकडे सुमती.
245
_a
हिराचा नवा वसा.
260
_b
मानस.
630
_a
हिराचा नवा वसा.
730
_a
हिराचा नवा वसा.
942
_c
BOOK
999
_c
550440
_d
550437